000 00487pab a2200169 454500
008 180718b2014 xxu||||| |||| 00| 0 eng d
100 _aChaney, Paul
245 _aElectoral politics and the party politicisation of human rights: The case of UK Westminster elections 1945-2010
260 _c2014
300 _ap.209-231.
362 _aJan
650 _aHuman rights - Great Britain
650 _aHuman rights
773 _aParliamentary Affairs
908 _aN
909 _a104085
999 _c104081
_d104081